000 00592nam a2200181Ia 4500
008 151202s9999||||xx |||||||||||||| ||und||
082 _bPNVM-66626
100 _aखाडिलकर मंगला.
245 _aसुमन सुगंध.
260 _b"नवचैतन्य प्रकाशन,बोरोवली."
260 _c2009
300 _a258
600 _aखाडिलकर मंगला.
630 _aसुमन सुगंध.
700 _aखाडिलकर मंगला.
730 _aसुमन सुगंध.
942 _cBOOK
999 _c1333158
_d1333155